00596cam a22002177a 450000500170000000800410001701000100005801100100006802000150007803500100009324500090010326000550011230000410016759000410020859000420024965000260029190100070031790500240032491100130034899900170036120220817043848.0021001d1995 es ad r 00110 spa d a86415 a87387 a8487729169 a9793000c/por a[Barcelona] :bEdiciones de Horticultura SL,c1995 a163 p. :bilus. ; gráfs. ; cuadros aBATCH-UPDb10c20130110lUCH01h2042 aCONVERSIONb10c20130109lUCH01h134814aPlantas ornamentales. aBK aMarco A. Mendoza T. aCustodia c86415d86415